[Event "PRVA LIGA CS 2020"]
[Site "Bajina basta"]
[Date "2020.10.12"]
[Round "3.1"]
[White "Drenchev, Petar"]
[Black "Ivic, Velimir"]
[Result "0-1"]
[WhiteElo "2434"]
[BlackElo "2548"]
[PlyCount "30"]
[EventDate "2020.10.10"]
[WhiteTeam "ASK - Arandjelovac"]
[BlackTeam "POZEGA - Pozega"]

1. d4 Nf6 2. c4 g6 3. Nc3 d5 4. Nf3 Bg7 5. Qb3 dxc4 6. Qxc4 Be6 7. Qa4+ Bd7 8.
Qb3 c5 9. d5 b5 10. Nxb5 Na6 11. Nc3 Rb8 12. Qd1 Qa5 13. Nd2 Nxd5 14. Nxd5 Ba4
15. b3 Bc6 0-1

[Event "PRVA LIGA CS 2020"]
[Site "Bajina basta"]
[Date "2020.10.12"]
[Round "3.1"]
[White "Perunovic, Miodrag"]
[Black "Pikula, Dejan"]
[Result "1/2-1/2"]
[WhiteElo "2440"]
[BlackElo "2421"]
[PlyCount "47"]
[EventDate "2020.10.10"]
[WhiteTeam "POZEGA - Pozega"]
[BlackTeam "ASK - Arandjelovac"]

1. e4 d6 2. d4 Nf6 3. Nc3 e5 4. Nf3 Nbd7 5. Bc4 Be7 6. a4 O-O 7. O-O c6 8. Re1
h6 9. h3 Re8 10. Ba2 Bf8 11. Be3 exd4 12. Bxd4 Qc7 13. Nh4 a6 14. Ng6 b5 15.
Nxf8 Kxf8 16. axb5 axb5 17. b4 Rb8 18. Qd3 Ne5 19. Qg3 g5 20. Qe3 Be6 21. f4
gxf4 22. Qxf4 Ng8 23. Re3 Ra8 24. Ree1 1/2-1/2

[Event "PRVA LIGA CS 2020"]
[Site "Bajina basta"]
[Date "2020.10.12"]
[Round "3.1"]
[White "Brkljaca, Ante"]
[Black "Pavlovic, Dejan S"]
[Result "1/2-1/2"]
[WhiteElo "2266"]
[BlackElo "2390"]
[PlyCount "75"]
[EventDate "2020.10.10"]
[WhiteTeam "ASK - Arandjelovac"]
[BlackTeam "POZEGA - Pozega"]

1. d4 d5 2. Nf3 Nf6 3. c4 c6 4. Nc3 e6 5. e3 Nbd7 6. Qc2 Bd6 7. Be2 O-O 8. O-O
dxc4 9. Bxc4 b5 10. Bd3 Bb7 11. e4 e5 12. Bg5 exd4 13. Nxd4 Bxh2+ 14. Kxh2 Ng4+
15. Kg3 Qxg5 16. f4 Qd8 17. Kxg4 Nf6+ 18. Kg3 Qxd4 19. e5 Nh5+ 20. Kh2 g6 21.
Rad1 Nxf4 22. Bxg6 Qxe5 23. Bxh7+ Kg7 24. Qf5 Ng6+ 25. Qxe5+ Nxe5 26. Bf5 Rad8
27. Ne4 Nc4 28. Rxd8 Rxd8 29. Rf2 Rd5 30. Bh3 Re5 31. Ng3 Ne3 32. Rd2 Nd5 33.
Nf5+ Kf8 34. Nd6 Re7 35. Rd4 b4 36. Rh4 Kg8 37. Rg4+ Kf8 38. Rh4 1/2-1/2

[Event "PRVA LIGA CS 2020"]
[Site "Bajina basta"]
[Date "2020.10.12"]
[Round "3.1"]
[White "Radivojevic, Ivan"]
[Black "Vojinovic, Luka"]
[Result "0-1"]
[WhiteElo "2365"]
[BlackElo "2271"]
[PlyCount "78"]
[EventDate "2020.10.10"]
[WhiteTeam "POZEGA - Pozega"]
[BlackTeam "ASK - Arandjelovac"]

1. e4 c5 2. Nc3 Nc6 3. Bb5 Nd4 4. Nf3 e6 5. Ba4 Ne7 6. Nxd4 cxd4 7. Ne2 Nc6 8.
O-O Bc5 9. d3 d5 10. e5 O-O 11. c3 dxc3 12. bxc3 d4 13. Bxc6 bxc6 14. c4 Be7
15. Ng3 c5 16. Rb1 Bd7 17. Qg4 Kh8 18. f4 g6 19. Ne4 Bc6 20. Ng5 h6 21. Ne4 h5
22. Qh3 Kg7 23. Bd2 Rb8 24. g4 hxg4 25. Qxg4 Rxb1 26. Rxb1 Qa8 27. Ng5 Rb8 28.
Rxb8 Qxb8 29. Qh4 Bxg5 30. Qxg5 Qb1+ 31. Kf2 Qxd3 32. Qf6+ Kf8 33. Qh8+ Ke7 34.
Qf6+ Ke8 35. Ba5 Qe3+ 36. Kf1 Qc1+ 37. Kf2 Qb2+ 38. Kf1 Qb1+ 39. Be1 Qd3+ 0-1

[Event "PRVA LIGA CS 2020"]
[Site "Bajina basta"]
[Date "2020.10.12"]
[Round "3.1"]
[White "Nikolic, Dragovan"]
[Black "Marcetic, Nikola"]
[Result "1/2-1/2"]
[WhiteElo "2192"]
[BlackElo "2329"]
[PlyCount "57"]
[EventDate "2020.10.10"]
[WhiteTeam "ASK - Arandjelovac"]
[BlackTeam "POZEGA - Pozega"]

1. Nf3 d5 2. g3 c6 3. Bg2 Nf6 4. O-O Bg4 5. b3 e6 6. Bb2 Nbd7 7. c4 Bd6 8. d3
Qe7 9. Nbd2 Ba3 10. Qc1 Bxb2 11. Qxb2 a5 12. a3 O-O 13. Rfe1 e5 14. cxd5 cxd5
15. Nf1 b5 16. Rec1 Rac8 17. Ne3 Bxf3 18. Bxf3 d4 19. Nf1 b4 20. Nd2 Rc3 21.
Nc4 Qc5 22. axb4 axb4 23. Ra5 Rxc1+ 24. Qxc1 Qc7 25. Qd2 Rb8 26. Qa2 g6 27. Ra7
Qc5 28. Ra5 Qe7 29. Ra7 1/2-1/2

[Event "PRVA LIGA CS 2020"]
[Site "Bajina basta"]
[Date "2020.10.12"]
[Round "3.1"]
[White "Zivkovic, Ivan B"]
[Black "Ivanovic, Lazar"]
[Result "1-0"]
[WhiteElo "2330"]
[BlackElo "2108"]
[PlyCount "95"]
[EventDate "2020.10.10"]
[WhiteTeam "POZEGA - Pozega"]
[BlackTeam "ASK - Arandjelovac"]

1. e4 c5 2. Nc3 Nc6 3. f4 e6 4. Nf3 d5 5. exd5 exd5 6. Bb5 Bg4 7. O-O Be7 8. h3
Bxf3 9. Qxf3 a6 10. Bxc6+ bxc6 11. b3 Nf6 12. Ba3 Qa5 13. Bb2 O-O 14. Rae1 Rfe8
15. Re2 Bf8 16. Rfe1 Rxe2 17. Rxe2 Re8 18. Na4 Rxe2 19. Qxe2 Ne4 20. d3 Ng3 21.
Qe3 Nf5 22. Qe5 Nd4 23. Bc3 Qd8 24. Bxd4 cxd4 25. Qxd4 Qe7 26. Qf2 Qa3 27. c3
Qc1+ 28. Kh2 Bd6 29. g3 h5 30. h4 Qd1 31. d4 Qg4 32. Kg2 g5 33. fxg5 Qe4+ 34.
Qf3 Qe1 35. Nc5 Qd2+ 36. Kh3 Qe1 37. b4 Bc7 38. Nd3 Qxc3 39. Ne5 Qxf3 40. Nxf3
Bb6 41. g4 hxg4+ 42. Kxg4 Kg7 43. Kf5 Ba7 44. h5 Bb6 45. h6+ Kh7 46. Kf6 Kg8
47. h7+ Kxh7 48. Kxf7 1-0

[Event "PRVA LIGA CS 2020"]
[Site "Bajina basta"]
[Date "2020.10.12"]
[Round "3.2"]
[White "Kostic, Vladimir G"]
[Black "Dimitrov, Radoslav"]
[Result "0-1"]
[WhiteElo "2289"]
[BlackElo "2507"]
[PlyCount "146"]
[EventDate "2020.10.10"]
[WhiteTeam "KRUSIK - Valjevo"]
[BlackTeam "VSK 2005 - Valjevo"]

1. e4 c6 2. c4 d5 3. exd5 cxd5 4. cxd5 Nf6 5. Nc3 Nxd5 6. Bc4 Nb6 7. Bb3 g6 8.
Qf3 e6 9. a4 Nc6 10. Nge2 Ne5 11. Qg3 Nd3+ 12. Kf1 Bg7 13. a5 Nxc1 14. Rxc1 Nd7
15. Qd6 Qe7 16. Qxe7+ Kxe7 17. d4 b6 18. axb6 Ba6 19. b7 Bxb7 20. Ra1 Rhb8 21.
Bc2 Bc6 22. Ra6 Rb6 23. Ra2 Rb4 24. f3 Rab8 25. b3 R8b7 26. Kf2 Rxd4 27. Ke3
Bh6+ 28. Kf2 Rd2 29. Rd1 Rxd1 30. Nxd1 Nc5 31. Nd4 Bd7 32. Ne2 a6 33. Ra5 Rb5
34. Ra3 Bg7 35. Ndc3 Rb6 36. Ke3 f5 37. f4 Bc6 38. g3 h6 39. Nd4 Bb7 40. Nce2
Kd7 41. Nf3 Bxf3 42. Kxf3 Bb2 43. Ra2 Nxb3 44. Bxb3 Rxb3+ 45. Kg2 Rb6 46. h4
Kc6 47. Ra5 Kb7 48. h5 gxh5 49. Kh3 Bf6 50. Nc1 Rb2 51. Nd3 Rd2 52. Ne5 Bxe5
53. Rxe5 Rd6 54. Kh4 Kb6 55. Kxh5 a5 56. Kxh6 a4 57. Kg5 Kb7 58. Kf6 a3 59. Re2
Ra6 60. Ra2 Kc8 61. Ke7 Kc7 62. Rc2+ Kb6 63. Kxe6 a2 64. Rxa2 Rxa2 65. Kxf5 Kc7
66. g4 Kd7 67. g5 Ke8 68. Kg6 Kf8 69. f5 Ra5 70. Kf6 Ra6+ 71. Ke5 Ke7 72. Kf4
Ra4+ 73. Ke5 Rg4 0-1

[Event "PRVA LIGA CS 2020"]
[Site "Bajina basta"]
[Date "2020.10.12"]
[Round "3.2"]
[White "Zivkovic, Sava"]
[Black "Savic, Miodrag R"]
[Result "1/2-1/2"]
[WhiteElo "2297"]
[BlackElo "2433"]
[PlyCount "29"]
[EventDate "2020.10.10"]
[WhiteTeam "KRUSIK - Valjevo"]
[BlackTeam "VSK 2005 - Valjevo"]

1. e4 d5 2. exd5 Qxd5 3. Nc3 Qa5 4. d4 c6 5. Bc4 Bf5 6. Nf3 e6 7. Ne5 Bd6 8.
Qe2 Bxe5 9. dxe5 Nd7 10. g4 Bg6 11. f4 b5 12. Bb3 Nc5 13. O-O Nxb3 14. cxb3 Ne7
15. Be3 1/2-1/2

[Event "PRVA LIGA CS 2020"]
[Site "Bajina basta"]
[Date "2020.10.12"]
[Round "3.2"]
[White "Todorovic, Goran M"]
[Black "Ivanovic, Dragutin"]
[Result "1-0"]
[WhiteElo "2404"]
[BlackElo "2307"]
[PlyCount "83"]
[EventDate "2020.10.10"]
[WhiteTeam "VSK 2005 - Valjevo"]
[BlackTeam "KRUSIK - Valjevo"]

1. e4 c5 2. Nf3 Nc6 3. d4 cxd4 4. Nxd4 e6 5. Nc3 Qc7 6. Be3 a6 7. Be2 Nf6 8.
O-O b5 9. Nxc6 dxc6 10. f4 e5 11. fxe5 Qxe5 12. Bf4 Qc5+ 13. Kh1 Be6 14. e5 Nd5
15. Nxd5 Bxd5 16. Bd3 Be7 17. Qh5 g6 18. Qh6 O-O-O 19. a4 Kb7 20. e6 Bxe6 21.
axb5 cxb5 22. Be4+ Bd5 23. Be3 Qc4 24. Bxd5+ Qxd5 25. Bg1 Bg5 26. Qg7 Rhf8 27.
Rad1 Qc6 28. Rxd8 Rxd8 29. Rxf7+ Kc8 30. Qxh7 Bc1 31. Qh3+ Kb8 32. Qg3+ Kc8 33.
b3 g5 34. c4 Bf4 35. Qg4+ Kb8 36. cxb5 axb5 37. h3 Rd3 38. Qh5 Bc7 39. Rh7 Rc3
40. Qe2 Rxb3 41. Rh8+ Kb7 42. Qa2 1-0

[Event "PRVA LIGA CS 2020"]
[Site "Bajina basta"]
[Date "2020.10.12"]
[Round "3.2"]
[White "Zivanovic, Bojan"]
[Black "Radovanovic, Jovica"]
[Result "0-1"]
[WhiteElo "2159"]
[BlackElo "2303"]
[PlyCount "138"]
[EventDate "2020.10.10"]
[WhiteTeam "KRUSIK - Valjevo"]
[BlackTeam "VSK 2005 - Valjevo"]

1. e4 c5 2. Nf3 d6 3. Bb5+ Bd7 4. Bxd7+ Qxd7 5. O-O Nf6 6. Re1 Nc6 7. c3 e6 8.
d4 cxd4 9. cxd4 d5 10. e5 Ne4 11. Nbd2 Nxd2 12. Bxd2 Be7 13. Rc1 O-O 14. Re3
Rfc8 15. Rec3 a6 16. Qb3 Na7 17. a4 Rxc3 18. Rxc3 Rc8 19. Rxc8+ Qxc8 20. Qb6
Nc6 21. h3 h6 22. g4 Bd8 23. Qc5 Qc7 24. Kg2 Be7 25. Qc2 Qb6 26. Bc3 Qd8 27.
Qb3 Qc7 28. Bd2 Nd8 29. Qc3 Qc4 30. b3 Qxc3 31. Bxc3 Nc6 32. Nd2 Bg5 33. Nf3 b5
34. axb5 axb5 35. Kf1 f6 36. exf6 Bxf6 37. Ke2 b4 38. g5 Bxg5 39. Be1 Bf4 40.
Kd3 Kf7 41. Nh4 Kf6 42. Ng2 g5 43. Nxf4 gxf4 44. f3 Kf5 45. Bd2 Kg5 46. Be1 h5
47. Bf2 Kf5 48. Be1 e5 49. dxe5 Kxe5 50. Bf2 Kd6 51. Be1 Ne5+ 52. Ke2 Kc5 53.
Bd2 Nc6 54. Bxf4 Nd4+ 55. Kd3 Nxb3 56. Bh6 Kb5 57. f4 Nc5+ 58. Kd4 b3 59. Kc3
d4+ 60. Kb2 Kc4 61. f5 Na4+ 62. Kb1 b2 63. Bg7 d3 64. Bxb2 d2 65. Kc2 Nxb2 66.
Kxd2 Kd5 67. Ke3 Ke5 68. f6 Kxf6 69. Kf4 Nc4 0-1

[Event "PRVA LIGA CS 2020"]
[Site "Bajina basta"]
[Date "2020.10.12"]
[Round "3.2"]
[White "Ilic, Dragan M"]
[Black "Jovcic, Zoran"]
[Result "1-0"]
[WhiteElo "2291"]
[BlackElo "2140"]
[PlyCount "111"]
[EventDate "2020.10.10"]
[WhiteTeam "VSK 2005 - Valjevo"]
[BlackTeam "KRUSIK - Valjevo"]

1. d4 Nf6 2. c4 e6 3. Nc3 d5 4. Nf3 Be7 5. Bg5 O-O 6. e3 Nbd7 7. cxd5 exd5 8.
Bd3 Re8 9. O-O c6 10. Qc2 Nf8 11. Rab1 g6 12. b4 a6 13. a4 Ne6 14. Bh4 Ng7 15.
b5 axb5 16. axb5 Bf5 17. bxc6 bxc6 18. Ne5 Rc8 19. Rb7 Bxd3 20. Qxd3 Nf5 21.
Bxf6 Bxf6 22. Nxf7 Qa5 23. Rfb1 Rc7 24. Ne5 Bxe5 25. dxe5 Rxe5 26. g3 Re8 27.
Rxc7 Qxc7 28. e4 Ne7 29. exd5 Rd8 30. Qc4 Nxd5 31. Nxd5 Rxd5 32. Rc1 Qd6 33.
Qxc6 Qxc6 34. Rxc6 Rd7 35. Kg2 Kf7 36. g4 Kg7 37. Kg3 Ra7 38. f3 Rb7 39. h3 Ra7
40. f4 Rf7 41. Rb6 Ra7 42. g5 Rc7 43. Kg4 Rf7 44. h4 Ra7 45. h5 gxh5+ 46. Kxh5
Rf7 47. Rb4 Ra7 48. f5 Ra1 49. f6+ Kg8 50. Rh4 Rg1 51. Kh6 Kf7 52. Rh5 Kg8 53.
f7+ Kxf7 54. Kxh7 Rg2 55. Kh6 Rg4 56. Rh2 1-0

[Event "PRVA LIGA CS 2020"]
[Site "Bajina basta"]
[Date "2020.10.12"]
[Round "3.3"]
[White "Budisavljevic, Luka"]
[Black "Ristic, Nebojsa B"]
[Result "1-0"]
[WhiteElo "2454"]
[BlackElo "2312"]
[PlyCount "129"]
[EventDate "2020.10.10"]
[WhiteTeam "RUDAR - Kostolac"]
[BlackTeam "RADNIK Surdulica"]

1. d4 Nf6 2. c4 c5 3. d5 b5 4. cxb5 a6 5. bxa6 Bxa6 6. Nc3 d6 7. e4 Bxf1 8.
Kxf1 g6 9. Nf3 Bg7 10. g3 O-O 11. Kg2 Nbd7 12. a4 Ng4 13. Qe2 Nge5 14. Nd2 f5
15. f4 Ng4 16. exf5 gxf5 17. Nf3 h6 18. Nh4 Bxc3 19. bxc3 Nb6 20. Nxf5 Nf6 21.
Nxh6+ Kh7 22. Nf5 Nbxd5 23. c4 Qd7 24. Nh4 Nb4 25. Nf3 Rxa4 26. Rxa4 Qxa4 27.
Qxe7+ Kg8 28. Qe6+ Kg7 29. Qxd6 Qc2+ 30. Qd2 Qxc4 31. Re1 Nd3 32. Re7+ Kg8 33.
Bb2 Ne4 34. Rg7+ Kh8 35. Rd7+ Nxb2 36. Qxb2+ Nc3 37. Qc2 Qe2+ 38. Qxe2 Nxe2 39.
Rc7 Rf5 40. Ne5 Kg8 41. Rxc5 Nxf4+ 42. gxf4 Rxf4 43. Kg3 Ra4 44. Rc7 Rb4 45. h4
Re4 46. Ng4 Rb4 47. Nf6+ Kf8 48. Nd5 Rd4 49. Nf4 Ra4 50. Kg4 Kg8 51. Rd7 Rb4
52. Kg5 Rb5+ 53. Nd5 Rb1 54. Nf6+ Kf8 55. Nh7+ Kg8 56. Kg6 Rg1+ 57. Ng5 Kf8 58.
h5 Ke8 59. Ra7 Rb1 60. h6 Rb6+ 61. Kg7 Rb5 62. Nh7 Kd8 63. Nf6 Rg5+ 64. Kf7 Ra5
65. Rxa5 1-0

[Event "PRVA LIGA CS 2020"]
[Site "Bajina basta"]
[Date "2020.10.12"]
[Round "3.3"]
[White "Spasic, Petar"]
[Black "Maksimovic, Bojan"]
[Result "0-1"]
[WhiteElo "2251"]
[BlackElo "2398"]
[PlyCount "120"]
[EventDate "2020.10.10"]
[WhiteTeam "RADNIK Surdulica"]
[BlackTeam "RUDAR - Kostolac"]

1. c4 g6 2. Nc3 Bg7 3. g3 Nf6 4. Bg2 O-O 5. d3 c6 6. e4 c5 7. Nge2 Nc6 8. Rb1
d6 9. h3 Rb8 10. a3 Ne8 11. b4 Nc7 12. b5 Nd4 13. Nxd4 cxd4 14. Ne2 e5 15. O-O
Ne6 16. f4 f5 17. exf5 gxf5 18. Bd5 Kh8 19. Bd2 Nc5 20. Bb4 b6 21. Kh2 Bd7 22.
a4 Qc7 23. Ra1 Rbe8 24. a5 e4 25. axb6 axb6 26. Nc1 Be6 27. Bc6 Re7 28. Qc2 Bd7
29. Bd5 Rfe8 30. Re1 h6 31. Rb1 Qd8 32. Bxc5 dxc5 33. Qg2 exd3 34. Nxd3 Re3 35.
Rxe3 dxe3 36. Rd1 Qe7 37. Nc1 Bc8 38. Ne2 Bd4 39. Qf3 Be6 40. Bxe6 Qxe6 41. Rc1
Bg7 42. Rc2 Rd8 43. Kg1 Rd2 44. Rxd2 exd2 45. Qd3 d1=R+ 46. Qxd1 Qxc4 47. Qd8+
Kh7 48. Qe8 Qd3 49. Qe6 c4 50. g4 fxg4 51. hxg4 c3 52. f5 Qd8 53. Qc6 Qg5 54.
Qe4 Bf6 55. Kf2 Qh4+ 56. Kg1 h5 57. Qb7+ Kh6 58. Nxc3 Bd4+ 59. Kg2 Qf2+ 60. Kh3
Qf1+ 0-1

[Event "PRVA LIGA CS 2020"]
[Site "Bajina basta"]
[Date "2020.10.12"]
[Round "3.3"]
[White "Jovanovic, Dusan D"]
[Black "Djordjevic, Miroslav"]
[Result "1-0"]
[WhiteElo "2412"]
[BlackElo "1885"]
[PlyCount "85"]
[EventDate "2020.10.10"]
[WhiteTeam "RUDAR - Kostolac"]
[BlackTeam "RADNIK Surdulica"]

1. Nf3 Nf6 2. b3 d5 3. Bb2 c5 4. e3 Bg4 5. Bb5+ Nc6 6. h3 Bxf3 7. Qxf3 e6 8.
O-O Be7 9. c4 O-O 10. cxd5 exd5 11. Bxc6 bxc6 12. Rc1 Rb8 13. Be5 Rb4 14. d3
Nd7 15. Bc3 Rb5 16. Nd2 Bd6 17. Qg4 Ne5 18. Qe2 Qh4 19. Rab1 Nd7 20. Qg4 Qxg4
21. hxg4 Rfb8 22. Rc2 f6 23. Rbc1 Kf7 24. g3 Kg6 25. f4 h5 26. gxh5+ Kxh5 27.
Kf2 Re8 28. Rh1+ Kg6 29. Nf3 Rbb8 30. Nh4+ Kf7 31. Nf5 Bc7 32. Rh7 Rg8 33. Nh6+
Kg6 34. Nxg8 Kxh7 35. Ne7 Rb6 36. Ba5 Rb7 37. Nxc6 Bxa5 38. Nxa5 Rb5 39. Nc6
Rb6 40. Nxa7 Kg8 41. a4 Rb7 42. Nc8 Rc7 43. Ne7+ 1-0

[Event "PRVA LIGA CS 2020"]
[Site "Bajina basta"]
[Date "2020.10.12"]
[Round "3.3"]
[White "Milic, Slobodan"]
[Black "Ivanovic, Marko"]
[Result "0-1"]
[WhiteElo "1888"]
[BlackElo "2277"]
[PlyCount "52"]
[EventDate "2020.10.10"]
[WhiteTeam "RADNIK Surdulica"]
[BlackTeam "RUDAR - Kostolac"]

1. d4 Nf6 2. Nf3 g6 3. g3 Bg7 4. Bg2 O-O 5. O-O d6 6. Re1 Nbd7 7. e4 e5 8. dxe5
dxe5 9. Nbd2 Qe7 10. Qe2 b6 11. b3 Nc5 12. Bb2 Nfd7 13. Nf1 Ba6 14. c4 Bb7 15.
N3d2 Ne6 16. Ne3 c6 17. a4 Nd4 18. Qd1 a5 19. Nc2 Ne6 20. Kh1 Ndc5 21. Ba3 Rfd8
22. Qe2 Qc7 23. Rab1 Rd3 24. Bxc5 Nxc5 25. Ne3 Rad8 26. Nd5 cxd5 0-1

[Event "PRVA LIGA CS 2020"]
[Site "Bajina basta"]
[Date "2020.10.12"]
[Round "3.3"]
[White "Pavlovic, Goran"]
[Black "Banjovic, Sasa"]
[Result "1-0"]
[WhiteElo "2345"]
[BlackElo "2121"]
[PlyCount "103"]
[EventDate "2020.10.10"]
[WhiteTeam "RUDAR - Kostolac"]
[BlackTeam "RADNIK Surdulica"]

1. d4 e6 2. Nf3 f5 3. g3 Nf6 4. Bg2 Be7 5. O-O O-O 6. c4 d6 7. b3 a5 8. Nc3 Ne4
9. Bb2 Nxc3 10. Bxc3 Bf6 11. Qc2 Nc6 12. Rad1 Qe8 13. e4 Nb4 14. Bxb4 axb4 15.
e5 dxe5 16. Nxe5 Bxe5 17. dxe5 f4 18. Rfe1 Qh5 19. Rd4 g5 20. Qd2 f3 21. Bf1 b6
22. Rd8 Bb7 23. Rxf8+ Rxf8 24. Qxb4 Qg6 25. Qe7 Be4 26. Rd1 Rf7 27. Qd8+ Kg7
28. Qd4 Kh6 29. c5 bxc5 30. Qxc5 Bd5 31. Bd3 Qh5 32. Qe3 Kg7 33. h3 Kh8 34. Kh2
Rg7 35. Bc2 Qf7 36. Be4 g4 37. Bxd5 exd5 38. Qc5 h5 39. Qxd5 Qxd5 40. Rxd5 c6
41. Rd8+ Kh7 42. hxg4 hxg4 43. Rd4 Kh6 44. Rd6+ Kg5 45. Rxc6 Rd7 46. Rc1 Rd2
47. Kg1 Rxa2 48. Re1 Kf5 49. e6 Re2 50. Kf1 Rxe6 51. Rxe6 Kxe6 52. Ke1 1-0

[Event "PRVA LIGA CS 2020"]
[Site "Bajina basta"]
[Date "2020.10.12"]
[Round "3.4"]
[White "Kojovic, Dragan"]
[Black "Delchev, Aleksander"]
[Result "0-1"]
[WhiteElo "2307"]
[BlackElo "2548"]
[PlyCount "80"]
[EventDate "2020.10.10"]
[WhiteTeam "METALAC - G.Milanovac"]
[BlackTeam "RADNICKI VODOVOD - Kragujevac"]

1. e4 e5 2. Nf3 Nc6 3. Bc4 Bc5 4. d3 Nf6 5. Nc3 d6 6. h3 Na5 7. Bg5 Nxc4 8.
dxc4 Be6 9. Qd3 h6 10. Bd2 a6 11. b3 c6 12. Na4 Ba7 13. O-O O-O 14. Bb4 b5 15.
Nb2 Re8 16. Rad1 d5 17. Nxe5 bxc4 18. bxc4 Qb6 19. Qa3 Nxe4 20. Ba5 Qb7 21.
Nbd3 dxc4 22. Rb1 Qc8 23. Nf4 Bd5 24. Nf3 Qf5 25. Nxd5 cxd5 26. Bb6 Qf6 27.
Bxa7 Rxa7 28. Qa5 Qd8 29. Qb4 Ng5 30. Nxg5 hxg5 31. Rfd1 Rd7 32. Qc5 Re2 33.
Rb6 Rxc2 34. Rxa6 Re2 35. Rc6 Re8 36. Rd4 Qb8 37. g3 Qb1+ 38. Kg2 Re1 39. Rb6
Rg1+ 40. Kf3 Qf1 0-1

[Event "PRVA LIGA CS 2020"]
[Site "Bajina basta"]
[Date "2020.10.12"]
[Round "3.4"]
[White "Radovanovic, Mihajlo"]
[Black "Ostojic, Nikola"]
[Result "1/2-1/2"]
[WhiteElo "2457"]
[BlackElo "2406"]
[PlyCount "164"]
[EventDate "2020.10.10"]
[WhiteTeam "RADNICKI VODOVOD - Kragujevac"]
[BlackTeam "METALAC - G.Milanovac"]

1. d4 Nf6 2. Nf3 e6 3. c4 Bb4+ 4. Nbd2 b6 5. a3 Bxd2+ 6. Qxd2 Bb7 7. e3 d6 8.
Be2 Nbd7 9. O-O O-O 10. b4 Ne4 11. Qc2 f5 12. Bb2 c5 13. Rad1 Qe7 14. dxc5 bxc5
15. Ne1 Rfc8 16. f3 Nef6 17. Qd2 Ne8 18. Nd3 Nb6 19. Rc1 cxb4 20. Qxb4 Ba6 21.
e4 fxe4 22. fxe4 Bxc4 23. Qa5 e5 24. Rcd1 Nf6 25. Bc1 Nxe4 26. Bf3 d5 27. Rfe1
Bxd3 28. Rxd3 Nf6 29. Bg5 e4 30. Bg4 Qc5+ 31. Qxc5 Rxc5 32. Be6+ Kh8 33. Rg3
Re8 34. Bxf6 gxf6 35. Bf5 Nc4 36. Rb1 Nd6 37. Bd7 Rf8 38. h4 d4 39. Rb4 d3 40.
Rd4 Nc4 41. Be6 Ne5 42. Bf5 Rc4 43. Rxc4 Nxc4 44. Bxe4 d2 45. Rd3 Re8 46. Bf3
Re3 47. Rd8+ Kg7 48. Kf2 Rxa3 49. Be2 Rc3 50. Bxc4 Rxc4 51. Rxd2 a5 52. Rd7+
Kg6 53. h5+ Kxh5 54. Rxh7+ Kg6 55. Ra7 a4 56. Ra5 f5 57. Ra8 Rb4 58. g3 Kf6 59.
Ke3 Rb3+ 60. Kf4 Rb4+ 61. Ke3 Kg6 62. Kf3 Kg5 63. Rg8+ Kf6 64. Re8 Rb3+ 65. Kf4
Rb4+ 66. Kf3 a3 67. Ra8 Rb3+ 68. Kf4 Rb4+ 69. Kf3 Rb3+ 70. Kf4 Ke6 71. Ra5 Rb4+
72. Kf3 Rb3+ 73. Kf4 Rd3 74. g4 fxg4 75. Kxg4 Kd6 76. Kf4 Kc6 77. Ke4 Rh3 78.
Kd4 Kb6 79. Ra8 Kb5 80. Rb8+ Ka4 81. Kc4 Rh4+ 82. Kc3 Rh3+ 1/2-1/2

[Event "PRVA LIGA CS 2020"]
[Site "Bajina basta"]
[Date "2020.10.12"]
[Round "3.4"]
[White "Solomunovic, Igor"]
[Black "Radovanovic, Nikola"]
[Result "1/2-1/2"]
[WhiteElo "2355"]
[BlackElo "2377"]
[PlyCount "30"]
[EventDate "2020.10.10"]
[WhiteTeam "METALAC - G.Milanovac"]
[BlackTeam "RADNICKI VODOVOD - Kragujevac"]

1. e4 d6 2. d4 Nf6 3. Nc3 e5 4. Nf3 Nbd7 5. Bc4 Be7 6. O-O O-O 7. Re1 c6 8. a4
exd4 9. Qxd4 Ne5 10. Nxe5 dxe5 11. Qxd8 Rxd8 12. f3 Bc5+ 13. Be3 Bxe3+ 14. Rxe3
a5 15. Rd1 Rxd1+ 1/2-1/2

[Event "PRVA LIGA CS 2020"]
[Site "Bajina basta"]
[Date "2020.10.12"]
[Round "3.4"]
[White "Radovic, Janko"]
[Black "Rabrenovic, Vladan"]
[Result "0-1"]
[WhiteElo "2433"]
[BlackElo "2302"]
[PlyCount "60"]
[EventDate "2020.10.10"]
[WhiteTeam "RADNICKI VODOVOD - Kragujevac"]
[BlackTeam "METALAC - G.Milanovac"]

1. e4 c5 2. Nf3 e6 3. c3 d5 4. e5 d4 5. cxd4 cxd4 6. Bc4 Nc6 7. O-O Nge7 8. d3
Ng6 9. Qe2 a6 10. g3 b5 11. Bb3 Bb7 12. h4 Na5 13. h5 Nxb3 14. axb3 Qd5 15.
Nbd2 Bb4 16. Ne4 Nxe5 17. Nxe5 Qxe5 18. Bf4 Qd5 19. h6 Be7 20. hxg7 Rg8 21.
Rfc1 Rxg7 22. Rc5 Qd8 23. Rc7 Bd5 24. Rac1 Rg6 25. Qh5 Bxe4 26. dxe4 h6 27.
Bxh6 Bd6 28. Bg5 Qxg5 29. Qh8+ Rg8 30. Rc8+ Kd7 0-1

[Event "PRVA LIGA CS 2020"]
[Site "Bajina basta"]
[Date "2020.10.12"]
[Round "3.4"]
[White "Colovic, Dusan"]
[Black "Radovic, Luka"]
[Result "1/2-1/2"]
[WhiteElo "2255"]
[BlackElo "2334"]
[PlyCount "64"]
[EventDate "2020.10.10"]
[WhiteTeam "METALAC - G.Milanovac"]
[BlackTeam "RADNICKI VODOVOD - Kragujevac"]

1. e4 c5 2. Nc3 d6 3. g3 Nc6 4. Bg2 g6 5. d3 Bg7 6. f4 e6 7. Nf3 Nge7 8. O-O
O-O 9. Be3 b6 10. d4 Ba6 11. Re1 d5 12. exd5 exd5 13. Bf2 Nf5 14. dxc5 d4 15.
Ne4 Re8 16. Nd6 Nxd6 17. cxd6 Qxd6 18. Ne5 Nxe5 19. fxe5 Bxe5 20. Rxe5 Qxe5 21.
Bxd4 Qf5 22. Bxa8 Rxa8 23. Bc3 Qc5+ 24. Qd4 Qxd4+ 25. Bxd4 Re8 26. a4 Re2 27.
a5 Bb7 28. axb6 axb6 29. Ra7 Be4 30. Rc7 Rxc2 31. Rxc2 Bxc2 32. Bxb6 Kf8
1/2-1/2

[Event "PRVA LIGA CS 2020"]
[Site "Bajina basta"]
[Date "2020.10.12"]
[Round "3.4"]
[White "Zlatanovic, Boroljub"]
[Black "Mijatovic, Dusan"]
[Result "1-0"]
[WhiteElo "2372"]
[BlackElo "2177"]
[PlyCount "137"]
[EventDate "2020.10.10"]
[WhiteTeam "RADNICKI VODOVOD - Kragujevac"]
[BlackTeam "METALAC - G.Milanovac"]

1. e4 e6 2. d4 d5 3. Nc3 Nf6 4. exd5 exd5 5. Bg5 c6 6. Qd2 Be7 7. O-O-O h6 8.
Bf4 Be6 9. Bd3 Nbd7 10. Nge2 b5 11. Ng3 Qa5 12. Nf5 Bxf5 13. Bxf5 b4 14. Nb1
Nb6 15. Rhe1 Kf8 16. b3 Re8 17. Re2 Nc4 18. Qe1 Nd6 19. Rxe7 Nxf5 20. Rxe8+
Nxe8 21. Bd2 Qd8 22. Bxb4+ Kg8 23. Qe5 Nfd6 24. Re1 Qg5+ 25. Qxg5 hxg5 26. h3
Rh4 27. f3 Rh6 28. Bc5 a6 29. Re7 Re6 30. Rxe6 fxe6 31. Kd2 Nf5 32. Ke2 Nf6 33.
g4 Nh4 34. Nc3 Ng6 35. Bd6 Nd7 36. Ke3 Kf7 37. Na4 e5 38. dxe5 Ke6 39. Nb2 Nf4
40. Nd3 Nxh3 41. Nb4 c5 42. Nxa6 d4+ 43. Ke2 Nxe5 44. Bxe5 Kxe5 45. Nxc5 Nf4+
46. Kd2 Ng6 47. Nd3+ Kd5 48. a4 Ne7 49. c3 dxc3+ 50. Kxc3 Ng6 51. b4 Nh4 52.
Ne1 Ng6 53. Nc2 Ne5 54. Nd4 g6 55. a5 Nd7 56. Nb3 Kc6 57. Nd2 Kb5 58. Ne4 Ne5
59. Nxg5 Nc6 60. Ne6 Nxb4 61. Nf4 g5 62. Ne6 Kxa5 63. Kc4 Nc6 64. Kc5 Ne5 65.
Nxg5 Ka6 66. Kd5 Nd7 67. Ne4 Kb6 68. Kd6 Nf8 69. f4 1-0

[Event "PRVA LIGA CS 2020"]
[Site "Bajina basta"]
[Date "2020.10.12"]
[Round "3.5"]
[White "Brenjo, Slavisa"]
[Black "Dudin, Gleb"]
[Result "1/2-1/2"]
[WhiteElo "2412"]
[BlackElo "2386"]
[PlyCount "33"]
[EventDate "2020.10.10"]
[WhiteTeam "SLOGA - Kraljevo"]
[BlackTeam "OSK PARACIN - Paracin"]

1. e4 e5 2. Nf3 Nc6 3. Bb5 a6 4. Ba4 Nf6 5. O-O b5 6. Bb3 Bc5 7. a4 Bb7 8. axb5
axb5 9. Rxa8 Bxa8 10. d3 O-O 11. Nc3 b4 12. Nd5 Nd4 13. Nxf6+ Qxf6 14. Nxd4
Bxd4 15. Kh1 Bc6 16. f4 d6 17. Qe1 1/2-1/2

[Event "PRVA LIGA CS 2020"]
[Site "Bajina basta"]
[Date "2020.10.12"]
[Round "3.5"]
[White "Vratonjic, Slobo"]
[Black "Brankovic, Dejan"]
[Result "1/2-1/2"]
[WhiteElo "2341"]
[BlackElo "2300"]
[PlyCount "49"]
[EventDate "2020.10.10"]
[WhiteTeam "SLOGA - Kraljevo"]
[BlackTeam "OSK PARACIN - Paracin"]

1. e4 c5 2. Nf3 d6 3. c3 Nf6 4. Be2 g6 5. O-O Bg7 6. Bb5+ Bd7 7. Bxd7+ Nfxd7 8.
d4 cxd4 9. cxd4 O-O 10. Nc3 Nc6 11. Be3 Qa5 12. d5 Nce5 13. Nxe5 Nxe5 14. Bd4
Qb4 15. Ne2 Rfc8 16. h3 Rc7 17. f4 Nd7 18. Bxg7 Kxg7 19. Qd4+ Qxd4+ 20. Nxd4
Rc4 21. Rad1 Nf6 22. Rfe1 Nh5 23. Rf1 Ng3 24. Rfe1 Nh5 25. Rf1 1/2-1/2